Statistiken für Zufällige afrikanische Länder auf einer Karte

Klicken Sie hier um das Quiz zu spielen!

Allgemein

  • Dieses Quiz wurde 24.593 mal gespielt
  • Das Durchschnittsergebnis liegt bei 12 aus 14

Antworten auf der Karte

Die Antworten werden auf der Karte rot bzw. grün angezeigt, abhängig davon wie oft sie richtig erraten wurden.
 

Antwortstatistiken

Land% Korrekt
Ägypten
99%
Marokko
99%
Südafrika
98%
Madagaskar
97%
Algerien
96%
Demokratische Republik Kongo
96%
Libyen
94%
Sudan
94%
Tunesien
94%
Mali
92%
Niger
91%
Nigeria
91%
Somalia
91%
Tschad
90%
Namibia
88%
Südsudan
88%
Äthiopien
86%
Elfenbeinküste
86%
Ghana
86%
Lesotho
86%
Mauretanien
86%
Senegal
86%
Togo
86%
Angola
84%
Eritrea
84%
Kenia
84%
Zentralafrikanische Republik
84%
Kap Verde
83%
Republik Kongo
83%
Mosambik
82%
Uganda
82%
Eswatini
81%
Botswana
80%
Kamerun
80%
Seychellen
80%
Tansania
80%
Benin
79%
Simbabwe
79%
Gambia
78%
Burkina Faso
77%
Guinea
77%
Mauritius
77%
Ruanda
77%
Dschibuti
75%
Komoren
74%
Sambia
74%
Gabun
73%
Guinea-Bissau
73%
Liberia
73%
Sierra Leone
73%
Malawi
72%
São Tomé und Príncipe
72%
Burundi
71%
Äquatorial-Guinea
70%

Verteilung der Resultate

Perzentil nach korrekt beantworteten Fragen

Anzahl Personen mit jedem Resultat

Ihre Resultats-Entwicklung

Sie haben dieses Quiz noch nicht gespielt